Loading...
Religion | 0 | 9 | 0 | 1 | 90 | 60 | 122.78 | 1 | 1 |
History - Other History | 0 | 6 | 2 | 1 | 50 | 108 | 131.83 | 0 | 1 |
History - World History | 0 | 4 | 0 | 1 | 40 | 116 | 135.75 | 0 | 0 |
Science - Biology | 0 | 3 | 0 | 2 | 30 | 103 | 121.33 | 0 | 0 |
History - American History | 0 | 4 | 2 | 0 | 30 | 100 | 114.75 | 0 | 0 |
History - European History | 0 | 5 | 4 | 2 | 30 | 97 | 122.60 | 0 | 1 |
Fine Arts - Painting & Sculpture | 0 | 4 | 2 | 1 | 30 | 89 | 129.75 | 1 | 1 |
Science - Other Science | 0 | 3 | 0 | 0 | 30 | 124 | 130.00 | 0 | 0 |
Geography | 0 | 2 | 0 | 0 | 20 | 85 | 95.50 | 0 | 1 |
Science - Chemistry | 0 | 2 | 0 | 0 | 20 | 125 | 133.00 | 0 | 0 |
Literature - European Literature | 0 | 2 | 0 | 0 | 20 | 163 | 164.00 | 0 | 0 |
Philosophy | 0 | 2 | 0 | 0 | 20 | 123 | 135.50 | 0 | 0 |
Literature - American Literature | 0 | 2 | 1 | 1 | 15 | 106 | 133.50 | 0 | 0 |
Mythology | 0 | 2 | 1 | 0 | 15 | 107 | 129.50 | 0 | 1 |
Current Events | 0 | 1 | 0 | 0 | 10 | 126 | 126.00 | 0 | 0 |
Social Science | 0 | 2 | 2 | 0 | 10 | 100 | 118.00 | 0 | 0 |
Literature - British Literature | 0 | 0 | 0 | 0 | 0 | 0.00 | 0 | 0 | |
Fine Arts - Classical Music | 0 | 0 | 0 | 0 | 0 | 0.00 | 0 | 0 | |
Other Academic | 0 | 0 | 1 | 0 | -5 | 0.00 | 0 | 0 |